Racial Identity, Local Majority Status, and Stereotype Threat: Risk-Taking Behavior Among Black Students at an HBCU
Stereotype threat has been shown to impact performance and decision-making for members of stereotyped groups, but the effects in settings where the stereotyped group represents a local majority remain unclear. The current study explored how stereotype threat influenced risk-taking behavior among Bla...
| Autores principales: | ; ; ; |
|---|---|
| Tipo de documento: | Electrónico Artículo |
| Lenguaje: | Inglés |
| Publicado: |
2025
|
| En: |
Race and social problems
Año: 2025, Volumen: 17, Número: 4, Páginas: 419-425 |
| Acceso en línea: |
Volltext (kostenfrei) |
| Verificar disponibilidad: | HBZ Gateway |
| Palabras clave: |
MARC
| LEADER | 00000naa a22000002c 4500 | ||
|---|---|---|---|
| 001 | 1942604955 | ||
| 003 | DE-627 | ||
| 005 | 20251126141807.0 | ||
| 007 | cr uuu---uuuuu | ||
| 008 | 251126s2025 xx |||||o 00| ||eng c | ||
| 024 | 7 | |a 10.1007/s12552-025-09449-x |2 doi | |
| 035 | |a (DE-627)1942604955 | ||
| 035 | |a (DE-599)KXP1942604955 | ||
| 040 | |a DE-627 |b ger |c DE-627 |e rda | ||
| 041 | |a eng | ||
| 084 | |a 2,1 |2 ssgn | ||
| 100 | 1 | |a Wallace, David S. |e VerfasserIn |0 (orcid)0009-0002-8111-8619 |4 aut | |
| 245 | 1 | 0 | |a Racial Identity, Local Majority Status, and Stereotype Threat: Risk-Taking Behavior Among Black Students at an HBCU |
| 264 | 1 | |c 2025 | |
| 336 | |a Text |b txt |2 rdacontent | ||
| 337 | |a Computermedien |b c |2 rdamedia | ||
| 338 | |a Online-Ressource |b cr |2 rdacarrier | ||
| 520 | |a Stereotype threat has been shown to impact performance and decision-making for members of stereotyped groups, but the effects in settings where the stereotyped group represents a local majority remain unclear. The current study explored how stereotype threat influenced risk-taking behavior among Black students at a Historically Black College and University (HBCU), where they represent a local majority. A total of N = 60 Black participants successfully completed a risk-taking task under two conditions: one where the task was said to be diagnostic of their abilities (stereotype threat) and one where the task was said to be non-diagnostic. The race of the experimenter and the institution conducting the study (HBCU vs. predominately-White institution) were also varied. Results showed no significant overall effects of stereotype threat on risk-taking behavior. However, interactions with racial identity, as measured by the Cross Racial Identity Scale (CRIS), showed that students with low assimilation scores exhibited risk aversion under stereotype threat, while those with high assimilation scores did not. The findings suggest that a local majority status may buffer against stereotype threat, and that individual differences in racial identity influence susceptibility to its effects. Results underscore the importance of contextual and personal factors in shaping the experience of stereotype threat. | ||
| 650 | 4 | |a HBCU | |
| 650 | 4 | |a Racial Identity | |
| 650 | 4 | |a Risk Taking | |
| 650 | 4 | |a Stereotype threat | |
| 700 | 1 | |a Russ, Valeria |e VerfasserIn |4 aut | |
| 700 | 1 | |a Kennedy, Cheyenne |e VerfasserIn |4 aut | |
| 700 | 1 | |a Stewart, Bryan A. |d 1973- |e VerfasserIn |0 (DE-588)1162934034 |0 (DE-627)1027037569 |0 (DE-576)507690176 |4 aut | |
| 773 | 0 | 8 | |i Enthalten in |t Race and social problems |d New York, NY [u.a.] : Springer, 2009 |g 17(2025), 4, Seite 419-425 |h Online-Ressource |w (DE-627)599675403 |w (DE-600)2493937-7 |w (DE-576)30701682X |x 1867-1756 |7 nnas |
| 773 | 1 | 8 | |g volume:17 |g year:2025 |g number:4 |g pages:419-425 |
| 856 | |u https://link.springer.com/content/pdf/10.1007/s12552-025-09449-x.pdf |x unpaywall |z Vermutlich kostenfreier Zugang |h publisher [deprecated] | ||
| 856 | 4 | 0 | |u https://doi.org/10.1007/s12552-025-09449-x |x Resolving-System |z kostenfrei |3 Volltext |7 0 |
| 951 | |a AR | ||
| ELC | |a 1 | ||
| LOK | |0 000 xxxxxcx a22 zn 4500 | ||
| LOK | |0 001 4814254644 | ||
| LOK | |0 003 DE-627 | ||
| LOK | |0 004 1942604955 | ||
| LOK | |0 005 20251126141807 | ||
| LOK | |0 008 251126||||||||||||||||ger||||||| | ||
| LOK | |0 040 |a DE-2619 |c DE-627 |d DE-2619 | ||
| LOK | |0 092 |o n | ||
| LOK | |0 852 |a DE-2619 | ||
| LOK | |0 852 1 |9 00 | ||
| LOK | |0 935 |a krzo | ||
| LOK | |0 939 |a 26-11-25 |b l01 | ||
| OAS | |a 1 | ||
| ORI | |a SA-MARC-krimdoka001.raw | ||
